000
00285nam a2200121Ia 4500
008
231221s9999 xx 000 0 und d
041
_a
English
082
_a
001.6424JAV VAN;2
100
_a
Vanhelsuwe, Laurance
245
0
_a
Mastering Java 1.1
650
_a
Java 1.1
942
_c
FP
999
_c
207326
_d
207326